Biblia y realeza
Guardat en:
| Autor principal: | |
|---|---|
| Format: | Llibre |
| Idioma: | espanyol |
| Publicat: |
Pamplona
Verbo Divino
1994
|
| Col·lecció: | Cuadernos Bíblicos, 83
|
| Matèries: | |
| Etiquetes: |
Afegir etiqueta
Sense etiquetes, Sigues el primer a etiquetar aquest registre!
|
MARC
| LEADER | 00000nam a2200000 a 4500 | ||
|---|---|---|---|
| 001 | UCS5888 | ||
| 003 | CL-VaPUC | ||
| 008 | 970906e19940000SP |||||||||||||||||spa|d | ||
| 082 | 0 | 4 | |a 220 |b ABA |2 21 |
| 100 | 0 | |a Abadie, Philippe |e author |9 391437 | |
| 245 | 1 | 0 | |a Biblia y realeza |
| 300 | |a 75 p | ||
| 942 | |c BK | ||
| 945 | |d 19970906 00:00:00 |a aalvarez | ||
| 260 | |a Pamplona |b Verbo Divino |c 1994 | ||
| 650 | 0 | |a Biblia |9 257603 | |
| 650 | 7 | |a REYES |2 CL-VaPUC |9 349627 | |
| 650 | 7 | |a FAMILIA REAL |2 CL-VaPUC |9 388951 | |
| 583 | |a last modification |c 20180227 06:16:56 |k Rodrigo Vera | ||
| 490 | 0 | |a Cuadernos Bíblicos, 83 | |
| 999 | |c 262019 |d 262017 | ||
| 952 | |0 0 |1 0 |4 0 |6 220_000000000000000_ABA_1994 |7 0 |8 A |9 290170 |a BIBTEO |b BIBTEO |d 2019-11-19 |i 3342166 |o 220 ABA 1994 |p 3342166 |r 2025-01-17 |w 2019-11-19 |y BK |k ICR | ||
| 952 | |0 0 |1 0 |4 0 |6 220_000000000000000_ABA_1994 |7 0 |8 A |9 290171 |a BIBHIS |b BIBHIS |d 2019-11-19 |i 454580K |o 220 ABA 1994 |p 454580K |r 2025-01-20 |w 2019-11-19 |y BK |k HIS | ||